Responses for show #4447 - Tuesday, December 30, 2003

Game data retrieved from an alternate archive.

Contestants

[<< previous game]

Kasey Berry, a wife and mother from Covington, Louisiana

Micah Morken, a graduate student originally from St. Paul, Minnesota

Chris Stansfield, a bartender from New York, New York (whose 1-day cash winnings total $21,400)

[next game >>]

Jeopardy! Round responses

RIVERS
ALPHABETIC HOMOPHONES
A LUMPY CATEGORY
NOVEL TEASE
PRISONS
CELL BLOCK CINEMA
    $200 3
the Colorado

Kasey
    $200 11
Elle

Chris
    $200 16
sugar

Chris
    $200 1
(The Adventures of) Huckleberry Finn

Chris
    $200 26
Alcatraz

Chris
    $200 21
"Jailhouse Rock"

Chris
    $400 4
the Potomac

Kasey
    $400 12
you

Chris
    $400 17
(Kasey: What is whey?)

curds

ChrisKasey
    $400 2
Oliver Twist

Micah
    $400 27
Belfast

Triple Stumper
    $400 22
Dead Man Walking

Kasey
    $600 5
the Amazon

Chris
    $600 13
Kay

Chris
    $600 18
Mr. Green Jeans

Chris
    $1,000 6
Uncle Tom's Cabin

Chris
    $600 28
the Bastille

Micah
    $600 23
The Shawshank Redemption

Chris
    $800 9
(Micah: What is the Snake River?)
(Kasey: What is the Missouri?)

the Columbia

MicahKasey
Triple Stumper
    $800 14
Em

Kasey
    $800 19
the throat

Chris
    $800 7
(Kasey: What is In Cold Blood?)

Fahrenheit 451

ChrisKasey
    $800 29
Fyodor Dostoevsky

Micah
    $800 24
Midnight Express

Micah
    $1000 10
the Mackenzie

Micah
    $1000 15
jay

Chris
    $1000 20
ambergris

Chris
    $1000 8
Lady Chatterley's Lover

Micah
    $1000 30
Dick Whittington

Chris
    $1000 25
Double Jeopardy

Micah

Scores at the first commercial break (after clue 15):

Chris Micah Kasey
$4,800 $1,600 -$200

Scores at the end of the Jeopardy! Round:

Chris Micah Kasey
$9,800 $4,800 -$200

Double Jeopardy! Round responses

THAT'S THE TICKET
'90s TELEVISION
CHEMISTRY COMMERCIALS
PIANISTS
RELIGIOUS WORKS
NOT QUITE BEFORE & AFTER
    $400 11
Al Gore

Chris
    $400 12
Beverly Hills 90210

Chris
    $400 22
hydrogen

Chris
    $400 6
Liberace

Chris
    $400 1
a mosque

Chris
    $400 21
Martin Shortcake

Kasey
    $800 14
Harry Truman

Chris
    $800 13
Northern Exposure

Micah
    $800 27
boiling point

Chris
    $800 7
Dave Brubeck

Micah
    $800 2
Christmas

Kasey
    $800 23
Sharon Stonehenge

Chris
    $1200 18
Dole

Chris
    $1200 15
Cop Rock

Chris
    $1200 28
oil

Kasey
    $1200 8
(Chris: Who is Handy?)

Scott Joplin

ChrisMicah
    $1200 3
St. Paul (or Saul

Micah
    $1200 24
painkiller whale

Micah
    $1600 19
Hubert Humphrey

Triple Stumper
    $1600 16
Wings

Micah
    $1600 29
a solvent

Chris
    $1600 9
Thelonious Monk

Micah
    $6,000 4
Ecce Homo

Micah
    $1600 25
doghouse of Representatives

Chris
    $2000 20
Estes Kefauver

Triple Stumper
    $2000 17
My So-Called Life

Micah
    $5,000 30
(Chris: I don't know.)

fermium

Chris
    $2000 10
Ignacy Jan Paderewski

Triple Stumper
    $2000 5
the Assyrian

Triple Stumper
    $2000 26
bookwormhole

Micah

Scores at the end of the Double Jeopardy! Round:

Chris Micah Kasey
$13,600 $23,200 $2,200

[wagering suggestions for these scores]

Final Jeopardy! Round responses

CHARACTERS IN CLASSIC LIT
[Final Jeopardy! responses approximate.]
KaseyWho is Louis XIV?
$1,000
ChrisWho is D'Artagnan?
$13,600
MicahWho is D'Artagnan?
$5,000
D'Artagnan

Final scores:

Chris Micah Kasey
$27,200 $28,200 $1,200
2nd place: $2,000 New champion: $28,200 3rd place: $1,000

Game dynamics:

Coryat scores:

Chris Micah Kasey
$18,200 $18,800 $2,200
29 R
(including 1 DD),
2 W
(including 1 DD)
17 R
(including 1 DD),
1 W
7 R,
3 W

Combined Coryat: $39,200

The J! Archive is created by fans, for fans. The Jeopardy! game show and all elements thereof, including but not limited to copyright and trademark thereto, are the property of Jeopardy Productions, Inc. and are protected under law. This website is not affiliated with, sponsored by, or operated by Jeopardy Productions, Inc. Join the discussion at JBoard.tv.